000
00480nam a2200145Ia 4500
008
151213s9999 xx 000 0 und d
100
_a
জরিনা আখতার।
245
_a
এই আমি নিজস্ব আমি।
_c
জরিনা আখতার।
260
_a
ঢাকা
_b
জরিনা আখতার।
_c
2002
300
_a
8739 p.
650
_a
Bangla
650
_a
কবিতা
700
_a
জরিনা আখতার।
999
_c
4524
_d
4524